000 00921nam a2200193 4500
999 _c63833
_d63833
003 Ge_BSU
005 20260129211748.0
008 260129s1980 ge ||||| |||| 00| 0 geo d
041 _ageo
080 _a329.150.7 ლ-42
100 _aლემონჯავა, პარმენ
_926761
245 _aეკონომიკური თეორიის საკითხები ვ.ი. ლენინის ნაშრომებში /
_cპარმენ ლემონჯავა, ვ. ქირია; რედ. ი. მაცაბერიძე.
264 _aთბ. :
_bთბილ. უნ-ტის გამ-ბა,
_c1980.
300 _a246გვ. ;
_b21სმ.
653 _aლენინი, ვ.ი.
653 _aეკონომიკური თეორია.
700 _aქირია, ვალერი
_eავტორი
_926762
942 _2udc
_cᲬᲘᲒᲜᲘ